Axiomatic geometry
Saved in:
| Main Author: | |
|---|---|
| Format: | Book |
| Language: | English |
| Published: |
Providence, Rhode Island :
American Mathematical Society,
c2013.
|
| Series: | Pure and applied undergraduate texts ;
21 |
| Subjects: | |
| Tags: |
Add Tag
No Tags, Be the first to tag this record!
|
MARC
| LEADER | 00000nam a2200000 a 4500 | ||
|---|---|---|---|
| 001 | 1/111345 | ||
| 008 | 160712t2013####riu| ||| |||| ||eng|| | ||
| 020 | |a 9780821884782 | ||
| 040 | |a GR-MyUa |b gre |c GR-MyUa |e AACR2 | ||
| 041 | 0 | |a eng | |
| 082 | 7 | |a 516 |2 (23) | |
| 100 | 1 | |a Lee, John M. |d 1950- | |
| 245 | 1 | 0 | |a Axiomatic geometry / |c John M. Lee. |
| 260 | |a Providence, Rhode Island : |b American Mathematical Society, |c c2013. | ||
| 300 | |a xvii, 469 σ. : |b σχέδια ; |c 26 εκ. | ||
| 490 | 1 | |a (Pure and applied undergraduate texts ; |v 21) | |
| 504 | |a Βιβλιογραφία: σ. 451-453. Ευρετήριο. | ||
| 650 | 0 | |a Axioms. | |
| 650 | 0 | |a Geometry. | |
| 830 | 0 | |a Pure and applied undergraduate texts ; |v 21 | |
| 852 | |a INST |b SAMOS |e 20160712 |h 516 LEE |p 005300043695 |q 005300043695 |t BK |y 0 | ||
| 922 | |a 3ΕΛΗ |b 201605 |c Τμήμα Μαθηματικών |d Διαδρομές | ||
| 970 | |a Κοσιέρης |b Χρήστος |z 12-07-2016 | ||